Members of the British Royal Family - Statistics

General Stats
  • This quiz has been taken 186 times
    143 since last reset
  • The average score is 8 of 11
Answer Stats
Picture Answer % Correct
Prince Charles
100%
Prince Harry
97%
Prince William
97%
Prince Andrew
95%
Prince George
94%
Prince Edward
93%
Princess Anne
86%
Princess Eugenie
83%
Princess Beatrice
79%
Prince Richard
23%
James Mountbatten-Windsor
1%
No matching quizzes found
Score Distribution
Percent of People with Each Score
Percentile by Number Answered
Your Score History
You have not taken this quiz since the last reset